Statistics for Hello

Click here to take the quiz!

General Stats

  • This quiz has been taken 24 times
  • The average score is 9 of 11

Answer Stats

HintAnswer% Correct
Guten TagGerman
95%
CiaoItalian
95%
KonnichiwaJapanese
95%
HolaSpanish
95%
Nǐn hǎoChinese
91%
OláPortuguese
82%
Asalaam alaikumArabic
77%
SalutFrench
64%
PrivetRussian
64%
NamasteHindi
59%
AnyoungKorean
36%

Score Distribution

Percentile by Number Answered

Percent of People with Each Score

Your Score History

You have not taken this quiz